<?xml version="1.0" encoding="UTF-8"?>
<marc:record xmlns:marc="http://www.loc.gov/MARC21/slim" type="Bibliographic">
   <marc:leader>00000pam a2200000 c 4500</marc:leader>
   <marc:controlfield tag="001">977257061</marc:controlfield>
   <marc:controlfield tag="003">DE-101</marc:controlfield>
   <marc:controlfield tag="005">20171201222607.0</marc:controlfield>
   <marc:controlfield tag="007">tu</marc:controlfield>
   <marc:controlfield tag="008">051128s2006    gw ||||| |||| 00||||ger  </marc:controlfield>
   <marc:datafield ind1=" " ind2=" " tag="015">
      <marc:subfield code="a">06,A41,1509</marc:subfield>
      <marc:subfield code="z">06,N01,0945</marc:subfield>
      <marc:subfield code="2">dnb</marc:subfield>
   </marc:datafield>
   <marc:datafield ind1="7" ind2=" " tag="016">
      <marc:subfield code="2">DE-101</marc:subfield>
      <marc:subfield code="a">977257061</marc:subfield>
   </marc:datafield>
   <marc:datafield ind1=" " ind2=" " tag="020">
      <marc:subfield code="a">9783822852958</marc:subfield>
      <marc:subfield code="c">kart. : EUR 6.99, sfr 12.00</marc:subfield>
      <marc:subfield code="9">978-3-8228-5295-8</marc:subfield>
   </marc:datafield>
   <marc:datafield ind1=" " ind2=" " tag="020">
      <marc:subfield code="a">3822852953</marc:subfield>
      <marc:subfield code="c">kart. : EUR 6.99, sfr 12.00</marc:subfield>
      <marc:subfield code="9">3-8228-5295-3</marc:subfield>
   </marc:datafield>
   <marc:datafield ind1="3" ind2=" " tag="024">
      <marc:subfield code="a">9783822852958</marc:subfield>
   </marc:datafield>
   <marc:datafield ind1=" " ind2=" " tag="035">
      <marc:subfield code="a">(DE-599)DNB977257061</marc:subfield>
   </marc:datafield>
   <marc:datafield ind1=" " ind2=" " tag="035">
      <marc:subfield code="a">(OCoLC)180955072</marc:subfield>
   </marc:datafield>
   <marc:datafield ind1=" " ind2=" " tag="040">
      <marc:subfield code="a">1145</marc:subfield>
      <marc:subfield code="b">ger</marc:subfield>
      <marc:subfield code="c">DE-101</marc:subfield>
      <marc:subfield code="d">9999</marc:subfield>
   </marc:datafield>
   <marc:datafield ind1=" " ind2=" " tag="041">
      <marc:subfield code="a">ger</marc:subfield>
   </marc:datafield>
   <marc:datafield ind1=" " ind2=" " tag="044">
      <marc:subfield code="c">XA-DE-NW</marc:subfield>
   </marc:datafield>
   <marc:datafield ind1="7" ind2="4" tag="082">
      <marc:subfield code="a">750</marc:subfield>
      <marc:subfield code="q">DE-101</marc:subfield>
      <marc:subfield code="2">22sdnb</marc:subfield>
   </marc:datafield>
   <marc:datafield ind1=" " ind2=" " tag="090">
      <marc:subfield code="a">b</marc:subfield>
   </marc:datafield>
   <marc:datafield ind1="0" ind2="0" tag="245">
      <marc:subfield code="a">Renaissance</marc:subfield>
      <marc:subfield code="c">Manfred Wundram. Ingo F. Walther (Hg.)</marc:subfield>
   </marc:datafield>
   <marc:datafield ind1=" " ind2="1" tag="264">
      <marc:subfield code="a">Hongkong</marc:subfield>
      <marc:subfield code="a">Köln</marc:subfield>
      <marc:subfield code="a">London</marc:subfield>
      <marc:subfield code="a">Los Angeles</marc:subfield>
      <marc:subfield code="a">Madrid</marc:subfield>
      <marc:subfield code="a">Paris</marc:subfield>
      <marc:subfield code="a">Tokyo</marc:subfield>
      <marc:subfield code="b">Taschen</marc:subfield>
      <marc:subfield code="c">2006</marc:subfield>
   </marc:datafield>
   <marc:datafield ind1=" " ind2=" " tag="300">
      <marc:subfield code="a">94 S.</marc:subfield>
      <marc:subfield code="b">zahlr. Ill.</marc:subfield>
      <marc:subfield code="c">23 cm, 357 gr.</marc:subfield>
   </marc:datafield>
   <marc:datafield ind1=" " ind2=" " tag="336">
      <marc:subfield code="a">Text</marc:subfield>
      <marc:subfield code="b">txt</marc:subfield>
      <marc:subfield code="2">rdacontent</marc:subfield>
   </marc:datafield>
   <marc:datafield ind1=" " ind2=" " tag="336">
      <marc:subfield code="a">unbewegtes Bild</marc:subfield>
      <marc:subfield code="b">sti</marc:subfield>
      <marc:subfield code="2">rdacontent</marc:subfield>
   </marc:datafield>
   <marc:datafield ind1=" " ind2=" " tag="337">
      <marc:subfield code="a">ohne Hilfsmittel zu benutzen</marc:subfield>
      <marc:subfield code="b">n</marc:subfield>
      <marc:subfield code="2">rdamedia</marc:subfield>
   </marc:datafield>
   <marc:datafield ind1=" " ind2=" " tag="338">
      <marc:subfield code="a">Band</marc:subfield>
      <marc:subfield code="b">nc</marc:subfield>
      <marc:subfield code="2">rdacarrier</marc:subfield>
   </marc:datafield>
   <marc:datafield ind1=" " ind2="7" tag="648">
      <marc:subfield code="a">Geschichte 1420-1600</marc:subfield>
      <marc:subfield code="2">gnd</marc:subfield>
   </marc:datafield>
   <marc:datafield ind1=" " ind2="7" tag="650">
      <marc:subfield code="0">(DE-588)4037220-0</marc:subfield>
      <marc:subfield code="0">http://d-nb.info/gnd/4037220-0</marc:subfield>
      <marc:subfield code="0">(DE-101)040372200</marc:subfield>
      <marc:subfield code="a">Malerei</marc:subfield>
      <marc:subfield code="2">gnd</marc:subfield>
   </marc:datafield>
   <marc:datafield ind1=" " ind2="7" tag="650">
      <marc:subfield code="0">(DE-588)4049450-0</marc:subfield>
      <marc:subfield code="0">http://d-nb.info/gnd/4049450-0</marc:subfield>
      <marc:subfield code="0">(DE-101)040494500</marc:subfield>
      <marc:subfield code="a">Renaissance</marc:subfield>
      <marc:subfield code="2">gnd</marc:subfield>
   </marc:datafield>
   <marc:datafield ind1=" " ind2="7" tag="650">
      <marc:subfield code="0">(DE-588)4037220-0</marc:subfield>
      <marc:subfield code="0">http://d-nb.info/gnd/4037220-0</marc:subfield>
      <marc:subfield code="0">(DE-101)040372200</marc:subfield>
      <marc:subfield code="a">Malerei</marc:subfield>
      <marc:subfield code="2">gnd</marc:subfield>
   </marc:datafield>
   <marc:datafield ind1=" " ind2=" " tag="653">
      <marc:subfield code="a">(VLB-PF)BC: Paperback</marc:subfield>
   </marc:datafield>
   <marc:datafield ind1=" " ind2=" " tag="653">
      <marc:subfield code="a">(VLB-WI)9: Modernes Antiquariat</marc:subfield>
   </marc:datafield>
   <marc:datafield ind1=" " ind2=" " tag="653">
      <marc:subfield code="a">(VLB-WG)583: Kunst / Kunstgeschichte</marc:subfield>
   </marc:datafield>
   <marc:datafield ind1=" " ind2="7" tag="655">
      <marc:subfield code="0">(DE-588)4145395-5</marc:subfield>
      <marc:subfield code="0">http://d-nb.info/gnd/4145395-5</marc:subfield>
      <marc:subfield code="0">(DE-101)041453956</marc:subfield>
      <marc:subfield code="a">Bildband</marc:subfield>
      <marc:subfield code="2">gnd-content</marc:subfield>
   </marc:datafield>
   <marc:datafield ind1=" " ind2="7" tag="655">
      <marc:subfield code="a">Bildband</marc:subfield>
      <marc:subfield code="2">gnd</marc:subfield>
   </marc:datafield>
   <marc:datafield ind1=" " ind2="7" tag="655">
      <marc:subfield code="a">Bildband</marc:subfield>
      <marc:subfield code="2">gnd</marc:subfield>
   </marc:datafield>
   <marc:datafield ind1="0" ind2="0" tag="689">
      <marc:subfield code="0">(DE-588)4037220-0</marc:subfield>
      <marc:subfield code="0">http://d-nb.info/gnd/4037220-0</marc:subfield>
      <marc:subfield code="0">(DE-101)040372200</marc:subfield>
      <marc:subfield code="D">s</marc:subfield>
      <marc:subfield code="a">Malerei</marc:subfield>
   </marc:datafield>
   <marc:datafield ind1="0" ind2="1" tag="689">
      <marc:subfield code="A">z</marc:subfield>
      <marc:subfield code="a">Geschichte 1420-1600</marc:subfield>
   </marc:datafield>
   <marc:datafield ind1="0" ind2="2" tag="689">
      <marc:subfield code="A">f</marc:subfield>
      <marc:subfield code="a">Bildband</marc:subfield>
   </marc:datafield>
   <marc:datafield ind1="0" ind2=" " tag="689">
      <marc:subfield code="5">DE-101</marc:subfield>
      <marc:subfield code="5">DE-101</marc:subfield>
   </marc:datafield>
   <marc:datafield ind1="1" ind2="0" tag="689">
      <marc:subfield code="0">(DE-588)4049450-0</marc:subfield>
      <marc:subfield code="0">http://d-nb.info/gnd/4049450-0</marc:subfield>
      <marc:subfield code="0">(DE-101)040494500</marc:subfield>
      <marc:subfield code="D">s</marc:subfield>
      <marc:subfield code="a">Renaissance</marc:subfield>
   </marc:datafield>
   <marc:datafield ind1="1" ind2="1" tag="689">
      <marc:subfield code="0">(DE-588)4037220-0</marc:subfield>
      <marc:subfield code="0">http://d-nb.info/gnd/4037220-0</marc:subfield>
      <marc:subfield code="0">(DE-101)040372200</marc:subfield>
      <marc:subfield code="D">s</marc:subfield>
      <marc:subfield code="a">Malerei</marc:subfield>
   </marc:datafield>
   <marc:datafield ind1="1" ind2="2" tag="689">
      <marc:subfield code="A">f</marc:subfield>
      <marc:subfield code="a">Bildband</marc:subfield>
   </marc:datafield>
   <marc:datafield ind1="1" ind2=" " tag="689">
      <marc:subfield code="5">DE-101</marc:subfield>
      <marc:subfield code="5">DE-101</marc:subfield>
   </marc:datafield>
   <marc:datafield ind1="1" ind2=" " tag="700">
      <marc:subfield code="0">(DE-588)118818414</marc:subfield>
      <marc:subfield code="0">http://d-nb.info/gnd/118818414</marc:subfield>
      <marc:subfield code="0">(DE-101)118818414</marc:subfield>
      <marc:subfield code="a">Wundram, Manfred</marc:subfield>
      <marc:subfield code="d">1925-2015</marc:subfield>
      <marc:subfield code="e">Mitwirkender</marc:subfield>
      <marc:subfield code="4">ctb</marc:subfield>
   </marc:datafield>
   <marc:datafield ind1="1" ind2=" " tag="700">
      <marc:subfield code="0">(DE-588)120595443</marc:subfield>
      <marc:subfield code="0">http://d-nb.info/gnd/120595443</marc:subfield>
      <marc:subfield code="0">(DE-101)120595443</marc:subfield>
      <marc:subfield code="a">Walther, Ingo F.</marc:subfield>
      <marc:subfield code="d">1940-2007</marc:subfield>
      <marc:subfield code="e">Herausgeber</marc:subfield>
      <marc:subfield code="4">edt</marc:subfield>
   </marc:datafield>
   <marc:datafield ind1="0" ind2="8" tag="776">
      <marc:subfield code="i">Engl. Ausg. u.d.T.:</marc:subfield>
      <marc:subfield code="t">Renaissance</marc:subfield>
      <marc:subfield code="d">Hongkong ; Köln ; London ; Los Angeles ; Madrid ; Paris ; Tokyo : Taschen, 2006</marc:subfield>
      <marc:subfield code="h">95 S., zahlr. Ill.</marc:subfield>
      <marc:subfield code="w">(DE-101)981290485</marc:subfield>
   </marc:datafield>
   <marc:datafield ind1="0" ind2="8" tag="776">
      <marc:subfield code="i">Franz. Ausg. u.d.T.:</marc:subfield>
      <marc:subfield code="t">Renaissance</marc:subfield>
      <marc:subfield code="d">Hongkong ; Köln ; London ; Los Angeles ; Madrid ; Paris ; Tokyo : Taschen, 2006</marc:subfield>
      <marc:subfield code="h">95 S., zahlr. Ill.</marc:subfield>
      <marc:subfield code="w">(DE-101)98137851X</marc:subfield>
   </marc:datafield>
   <marc:datafield ind1="0" ind2="8" tag="776">
      <marc:subfield code="i">Span. Ausg. u.d.T.:</marc:subfield>
      <marc:subfield code="t">Renacimiento</marc:subfield>
      <marc:subfield code="d">Hongkong ; Köln ; London ; Los Angeles ; Madrid ; Paris ; Tokyo : Taschen, 2006</marc:subfield>
      <marc:subfield code="h">95 S., zahlr. Ill.</marc:subfield>
      <marc:subfield code="w">(DE-101)981117309</marc:subfield>
   </marc:datafield>
   <marc:datafield ind1="0" ind2="8" tag="776">
      <marc:subfield code="i">Portug. Ausg. u.d.T.:</marc:subfield>
      <marc:subfield code="t">Renascimento</marc:subfield>
      <marc:subfield code="d">Hong Kong ; Köln ; London ; Los Angeles ; Madrid ; Paris ; Tokyo : Taschen, 2007</marc:subfield>
      <marc:subfield code="h">95 S., zahlr. Ill.</marc:subfield>
      <marc:subfield code="w">(DE-101)984423230</marc:subfield>
   </marc:datafield>
   <marc:datafield ind1=" " ind2=" " tag="850">
      <marc:subfield code="a">DE-101a</marc:subfield>
      <marc:subfield code="a">DE-101b</marc:subfield>
   </marc:datafield>
   <marc:datafield ind1="4" ind2="2" tag="856">
      <marc:subfield code="m">V:DE-603</marc:subfield>
      <marc:subfield code="q">application/pdf</marc:subfield>
      <marc:subfield code="u">http://d-nb.info/977257061/04</marc:subfield>
      <marc:subfield code="3">Inhaltsverzeichnis</marc:subfield>
   </marc:datafield>
   <marc:datafield ind1="r" ind2=" " tag="925">
      <marc:subfield code="a">ra</marc:subfield>
   </marc:datafield>
</marc:record>
